Jeux olympiques d'été 2024 - Top 20 des pays - Statistiques

Statistiques générales
  • Ce quiz a été pris 153 fois
  • Le résultat moyen est 13 sur 20
Statistiques - réponses
or médailles commence par pays % Correct
40 91 C Chine
99%
40 126 E États-Unis
99%
16 64 F France
97%
20 45 J Japon
95%
18 53 A Australie
90%
12 40 I Italie
79%
12 33 A Allemagne
75%
15 34 P Pays-Bas
73%
13 32 C Corée du Sud
63%
5 18 E Espagne
63%
6 19 H Hongrie
63%
9 27 C Canada
57%
14 65 G Grande-Bretagne
57%
4 11 K Kenya
52%
3 20 B Brésil
51%
4 11 S Suède
51%
10 20 N Nouvelle-Zélande
49%
8 13 O Ouzbékistan
43%
4 8 N Norvège
38%
4 7 I Irlande
36%
Aucun quiz correspondant
Distribution des résultats
% des personnes avec chaque résultat
Percentile par nombre de réponses
Votre historique - résultats
Vous n’avez pas pris ce quiz